| 000 | 00525nam a22001697a 4500 | ||
|---|---|---|---|
| 003 | OSt | ||
| 005 | 20260203105329.0 | ||
| 008 | 260127b |||||||| |||| 00| 0 eng d | ||
| 040 | _cMRSPTU | ||
| 041 | _aENG | ||
| 100 | _aHarjeet Singh , Supervisor: Satinder Singh Sandhu | ||
| 245 | _aUse of Recycled Materials in Road Construction | ||
| 260 |
_b Department of Civil Engg. MRSPTU, Bathinda _c2003 |
||
| 650 | _aCivil Engineering | ||
| 856 | _uhttp://163.47.215.52:8080/jspui/handle/123456789/1024 | ||
| 942 |
_2ddc _cTH _n0 |
||
| 999 |
_c10765 _d10765 |
||